Trinásty a štrnásty plat (príjem zo závislej činnosti)
S účinnosťou od 1. mája 2018 bol schválený zákon č. 63/2018 Z. z., ktorým sa mení a dopĺňa zákon č. 311/2001 Z. z. Zákonník práce v z. n. p. a ktorým sa menia a dopĺňajú niektoré zákony . Táto novela umožňuje zamestnávateľom vyplácať zamestnancom peňažné plnenie pri príležitosti dovoleniek a vianočn...
Gespeichert in:
| 1. Verfasser: | |
|---|---|
| Format: | Buchkapitel |
| Sprache: | Slowakisch |
| Schlagworte: | |
| Tags: |
Keine Tags, Fügen Sie das erste Tag hinzu!
|
MARC
| LEADER | 00000naa a2200000 4500 | ||
|---|---|---|---|
| 001 | 0242911 | ||
| 005 | 20180516110247.2 | ||
| 041 | 0 | |a slo | |
| 044 | |a SK | ||
| 245 | 1 | 0 | |a Trinásty a štrnásty plat (príjem zo závislej činnosti) |c Viera Mezeiová |
| 520 | |a S účinnosťou od 1. mája 2018 bol schválený zákon č. 63/2018 Z. z., ktorým sa mení a dopĺňa zákon č. 311/2001 Z. z. Zákonník práce v z. n. p. a ktorým sa menia a dopĺňajú niektoré zákony . Táto novela umožňuje zamestnávateľom vyplácať zamestnancom peňažné plnenie pri príležitosti dovoleniek a vianočných sviatkov. | ||
| 610 | 2 | 0 | |a dane z príjmov |
| 610 | 2 | 0 | |a zákonník práce |
| 610 | 2 | 0 | |a zamestnávatelia |
| 610 | 2 | 0 | |a zamestnanci |
| 610 | 2 | 0 | |a odmeňovanie |
| 100 | 1 | |a Mezeiová, Viera | |